[Event "Wloclawek CC Classic 08th"]
[Site "Wloclawek"]
[Date "2013.??.??"]
[Round "5"]
[White "Mirowski, Lukasz"]
[Black "Cichocka, Katarzyna"]
[Result "0-1"]
[WhiteElo "1000"]
[BlackElo "1800"]
[PlyCount "64"]
[EventDate "2013.06.??"]
[EventType "swiss"]
[EventRounds "7"]
[EventCountry "POL"]
[SourceTitle "EXT 2021"]
[Source "ChessBase"]
[SourceDate "2020.10.23"]
[SourceVersion "1"]
[SourceVersionDate "2020.10.23"]
[SourceQuality "1"]

1. e4 c5 2. Nc3 d6 3. Nf3 Nc6 4. Bc4 e6 5. 0-0 Be7 6. d3 Nf6 7. Re1 0-0 8. h3 Na5 9. Bb5 a6 10. Ba4 b5 11. Bb3 Nxb3 12. axb3 Bb7 13. e5 Nd5 14. Nxd5 Bxd5 15. c4 Bc6 16. d4 Bxf3 17. Qxf3 cxd4 18. cxb5 axb5 19. Rb1 dxe5 20. Rxe5 Qb6 21. Qd3 b4 22. Rh5 g6 23. Rb5 Qa6 24. Bf4 Rfd8 25. Be5 Rd5 26. Bxd4 Qxb5 27. Qe4 Rxd4 28. Qxa8+ Rd8 29. Qe4 Qd3 30. Qb7 Qxb1+ 31. Kh2 Bd6+ 32. g3 Qd3 0-1

[Event "Wloclawek CC Classic 08th"]
[Site "Wloclawek"]
[Date "2013.??.??"]
[Round "7"]
[White "Mirowski, Lukasz"]
[Black "Pitula, Adam"]
[Result "0-1"]
[WhiteElo "1000"]
[BlackElo "1342"]
[PlyCount "68"]
[EventDate "2013.06.??"]
[EventType "swiss"]
[EventRounds "7"]
[EventCountry "POL"]
[SourceTitle "EXT 2021"]
[Source "ChessBase"]
[SourceDate "2020.10.23"]
[SourceVersion "1"]
[SourceVersionDate "2020.10.23"]
[SourceQuality "1"]

1. e4 g6 2. c3 Bg7 3. Nf3 d6 4. Be2 Nf6 5. 0-0 Nxe4 6. Re1 Nf6 7. Bc4 d5 8. Bd3 Bg4 9. Be2 Bxf3 10. Bxf3 e6 11. d3 c6 12. d4 Nbd7 13. Be3 0-0 14. Nd2 Re8 15. Nb3 b6 16. a4 a5 17. Be2 e5 18. Bd2 e4 19. c4 dxc4 20. Bxc4 Nd5 21. Bc1 Kh8 22. Rb1 f5 23. f4 exf3 24. Rxe8+ Qxe8 25. Qxf3 Qe4 26. Qf2 Qxb1 27. h3 Bh6 28. Qf1 Bxc1 29. Nxc1 Qe4 30. Nd3 Qxd4+ 31. Nf2 Ne3 32. Qe2 Nf6 33. Kh2 Re8 34. Qf3 Qxc4 0-1